[Event "IECC CL6-2004.05 email"]
[Site "IECC email"]
[Date "2004.02.17"]
[Round "?"]
[White "McGary, Fred"]
[Black "Chandler, Tom"]
[Result "0-1"]
[WhiteElo "1338"]
[BlackElo "1373"]
[PlyCount "62"]
[EventDate "2004.??.??"]
[EventType "tourn (corr)"]
[EventRounds "4"]
[SourceTitle "Corr 2008"]
[Source "ChessBase"]
[SourceDate "2008.06.24"]
[SourceVersion "1"]
[SourceVersionDate "2008.06.24"]
[SourceQuality "1"]

1. e4 c5 2. c3 d5 3. exd5 Qxd5 4. d4 Nf6 5. Nf3 Bg4 6. Be2 e6 7. 0-0 Nc6 8. Be3 cxd4 9. cxd4 Be7 10. Nc3 Qd6 11. h3 Bh5 12. Qb3 0-0 13. Rfd1 Rfd8 14. a3 a6 15. Rac1 b5 16. d5 Na5 17. Qa2 exd5 18. g4 Bg6 19. g5 Ne4 20. Nxd5 Qe6 21. Nxe7+ Qxe7 22. Bb6 Rxd1+ 23. Rxd1 Nxg5 24. Nxg5 Qxg5+ 25. Kf1 Bf5 26. Bg4 Nc4 27. Qb3 Bxg4 28. hxg4 Nxb6 29. Qf3 Rd8 30. Re1 Nc4 31. Qc6 Nd2+ 0-1

[Event "IECC CL6-2003.27 email"]
[Site "IECC email"]
[Date "2003.11.28"]
[Round "?"]
[White "McGary, Fred"]
[Black "Embrechts, Wim"]
[Result "0-1"]
[WhiteElo "1354"]
[BlackElo "1367"]
[PlyCount "54"]
[EventDate "2003.??.??"]
[EventType "tourn (corr)"]
[EventRounds "4"]
[SourceTitle "Corr 2008"]
[Source "ChessBase"]
[SourceDate "2008.06.24"]
[SourceVersion "1"]
[SourceVersionDate "2008.06.24"]
[SourceQuality "1"]

1. e4 e5 2. Nf3 Nc6 3. Bb5 a6 4. Bxc6 dxc6 5. 0-0 Bg4 6. h3 Bxf3 7. Qxf3 Qf6 8. Qb3 0-0-0 9. Na3 Bc5 10. d3 Ne7 11. Nc4 Kb8 12. Be3 Bd4 13. a4 Rhf8 14. Kh1 Ng6 15. Qb4 c5 16. Qa3 h5 17. Rab1 Qe7 18. b4 cxb4 19. Qxb4 Qxb4 20. Rxb4 Kc8 21. Rfb1 b6 22. Bxd4 Rxd4 23. Nxb6+ cxb6 24. Rxd4 exd4 25. Rxb6 Kd7 26. Rxa6 Rc8 27. c4 dxc3 0-1

[Event "IECC CL6-2003.21 email"]
[Site "IECC email"]
[Date "2003.09.06"]
[Round "?"]
[White "Cardus, Gareth"]
[Black "McGary, Fred"]
[Result "1-0"]
[WhiteElo "1228"]
[BlackElo "1323"]
[PlyCount "35"]
[EventDate "2003.??.??"]
[EventType "tourn (corr)"]
[EventRounds "4"]
[SourceTitle "Corr 2008"]
[Source "ChessBase"]
[SourceDate "2008.06.24"]
[SourceVersion "1"]
[SourceVersionDate "2008.06.24"]
[SourceQuality "1"]

1. e4 c5 2. Nf3 d6 3. d4 cxd4 4. Nxd4 Nf6 5. Nc3 a6 6. Bc4 e6 7. 0-0 b5 8. Bb3 Bb7 9. Re1 Nbd7 10. a3 Nc5 11. Ba2 Nfxe4 12. Nxe4 Nxe4 13. Qg4 Qc8 14. Rxe4 Bxe4 15. Qxe4 Be7 16. b4 0-0 17. Nxe6 Qc3 18. Nxf8 1-0

[Event "IECC CL6-2003.21 email"]
[Site "IECC email"]
[Date "2003.09.06"]
[Round "?"]
[White "McGary, Fred"]
[Black "Padsha, Syed"]
[Result "0-1"]
[WhiteElo "1362"]
[BlackElo "1210"]
[PlyCount "30"]
[EventDate "2003.??.??"]
[EventType "tourn (corr)"]
[EventRounds "4"]
[SourceTitle "Corr 2008"]
[Source "ChessBase"]
[SourceDate "2008.06.24"]
[SourceVersion "1"]
[SourceVersionDate "2008.06.24"]
[SourceQuality "1"]

1. e4 e5 2. Nf3 Nf6 3. d4 exd4 4. e5 Ne4 5. Qxd4 d5 6. exd6 Nxd6 7. Nc3 Nc6 8. Qf4 Be7 9. Be3 Bf6 10. Nd4 g5 11. Nxc6 gxf4 12. Nxd8 fxe3 13. Nxf7 Bxc3+ 14. bxc3 exf2+ 15. Kxf2 0-0 0-1

[Event "IECC CL6-2003.13 email"]
[Site "IECC email"]
[Date "2003.06.13"]
[Round "?"]
[White "Borsa, Cristian"]
[Black "McGary, Fred"]
[Result "1-0"]
[WhiteElo "1206"]
[BlackElo "1368"]
[PlyCount "35"]
[EventDate "2003.??.??"]
[EventType "tourn (corr)"]
[EventRounds "4"]
[SourceTitle "Corr 2008"]
[Source "ChessBase"]
[SourceDate "2008.06.24"]
[SourceVersion "1"]
[SourceVersionDate "2008.06.24"]
[SourceQuality "1"]

1. d4 Nf6 2. c4 c5 3. d5 b5 4. cxb5 a6 5. bxa6 Bxa6 6. Nc3 d6 7. Nf3 g6 8. e4 Bxf1 9. Kxf1 Nbd7 10. g3 Bg7 11. Kg2 0-0 12. h3 Qa5 13. Qc2 Rfb8 14. Bd2 Qa6 15. Rhe1 Nb6 16. a4 Nc4 17. Nb5 Qxa4 18. Rxa4 1-0

[Event "IECC KO email"]
[Site "IECC email"]
[Date "2003.05.23"]
[Round "?"]
[White "Meijer, Wilmar"]
[Black "McGary, Fred"]
[Result "1-0"]
[WhiteElo "1778"]
[BlackElo "1349"]
[PlyCount "59"]
[EventDate "2003.??.??"]
[EventType "tourn (corr)"]
[EventRounds "6"]
[SourceTitle "Corr 2008"]
[Source "ChessBase"]
[SourceDate "2008.06.24"]
[SourceVersion "1"]
[SourceVersionDate "2008.06.24"]
[SourceQuality "1"]

1. e4 c5 2. Nf3 d6 3. d4 cxd4 4. Nxd4 Nf6 5. f3 a6 6. c4 e6 7. Nc3 Be7 8. Be3 0-0 9. Be2 b6 10. 0-0 Bb7 11. a4 Nc6 12. Nxc6 Bxc6 13. Qb3 Rb8 14. Rfd1 Qc7 15. Rd2 Rfd8 16. Rad1 Nd7 17. Qc2 Nf8 18. Nd5 Bxd5 19. cxd5 Qxc2 20. Rxc2 exd5 21. Rxd5 b5 22. axb5 axb5 23. Bxb5 Ne6 24. b4 Rdc8 25. Rxc8+ Rxc8 26. Be2 Rb8 27. b5 Nc5 28. e5 Rb6 29. exd6 Rxd6 30. Rxc5 1-0

[Event "IECC KO email"]
[Site "IECC email"]
[Date "2003.01.31"]
[Round "?"]
[White "Bladyko, Pawel"]
[Black "McGary, Fred"]
[Result "1-0"]
[WhiteElo "1588"]
[BlackElo "1365"]
[PlyCount "51"]
[EventDate "2003.??.??"]
[EventType "tourn (corr)"]
[EventRounds "6"]
[SourceTitle "Corr 2008"]
[Source "ChessBase"]
[SourceDate "2008.06.24"]
[SourceVersion "1"]
[SourceVersionDate "2008.06.24"]
[SourceQuality "1"]

1. e4 c5 2. Nf3 d6 3. d4 cxd4 4. Nxd4 Nf6 5. Nc3 a6 6. Bg5 e6 7. Be2 Nbd7 8. 0-0 Be7 9. f4 b5 10. b4 Bb7 11. Qd3 Rc8 12. a4 Qc7 13. Rf3 Qb6 14. Re3 h6 15. a5 Qc7 16. Bxf6 Bxf6 17. Ndxb5 axb5 18. Nxb5 Qxc2 19. Nxd6+ Kf8 20. Rd1 Qxd3 21. Rexd3 Rc7 22. Nxb7 Rxb7 23. Rxd7 Rxd7 24. Rxd7 g5 25. Bh5 Rh7 26. a6 1-0

[Event "IECC KO email"]
[Site "IECC email"]
[Date "2002.03.26"]
[Round "?"]
[White "Gomes, Luciano"]
[Black "McGary, Fred"]
[Result "1-0"]
[WhiteElo "1250"]
[BlackElo "1510"]
[PlyCount "59"]
[EventDate "2002.??.??"]
[EventType "tourn (corr)"]
[EventRounds "6"]
[SourceTitle "Corr 2008"]
[Source "ChessBase"]
[SourceDate "2008.06.24"]
[SourceVersion "1"]
[SourceVersionDate "2008.06.24"]
[SourceQuality "1"]

1. d4 Nf6 2. c4 c5 3. d5 b5 4. cxb5 a6 5. b6 d6 6. Nc3 Nbd7 7. Nf3 g6 8. e4 Bg7 9. Be2 0-0 10. 0-0 Nxb6 11. Bg5 h6 12. Bf4 a5 13. Qd2 Kh7 14. Bb5 Bd7 15. Bd3 Nh5 16. Be3 f5 17. Rac1 f4 18. Bxc5 dxc5 19. Ne2 Qc8 20. Qc2 c4 21. Qd2 Qa6 22. Bb1 Bb5 23. Nc3 Bxc3 24. Qxc3 Na4 25. Qe5 Qd6 26. Qxh5 c3 27. e5 Qa6 28. d6 Bd3 29. Ng5+ Kg8 30. Qxh6 1-0

[Event "IECC CL5-2001.31"]
[Site "IECC email"]
[Date "2001.11.06"]
[Round "?"]
[White "McGary, Fred"]
[Black "McArthur, Gabriel"]
[Result "0-1"]
[WhiteElo "1509"]
[BlackElo "1587"]
[PlyCount "46"]
[EventDate "2001.??.??"]
[EventType "tourn (corr)"]
[EventRounds "4"]
[SourceTitle "Corr 2008"]
[Source "ChessBase"]
[SourceDate "2008.06.24"]
[SourceVersion "1"]
[SourceVersionDate "2008.06.24"]
[SourceQuality "1"]

1. e4 d6 2. c4 Nf6 3. Nc3 e5 4. Nf3 c5 5. d3 Be7 6. Be2 Nc6 7. 0-0 0-0 8. Bg5 Ne8 9. Bxe7 Qxe7 10. Nd5 Qd8 11. Qd2 f5 12. exf5 Bxf5 13. b4 cxb4 14. Nxb4 Nc7 15. Nc2 d5 16. cxd5 Nxd5 17. Ne3 Be6 18. Qb2 Nf4 19. Nc4 Nd4 20. Nxd4 Qxd4 21. Qc2 Bd5 22. Ne3 Bxg2 23. Nxg2 Nh3+ 0-1

[Event "IECC CL5-2001.31"]
[Site "IECC email"]
[Date "2001.11.06"]
[Round "?"]
[White "Turko, Sergey Ivanovich"]
[Black "McGary, Fred"]
[Result "1-0"]
[WhiteElo "1557"]
[BlackElo "1515"]
[PlyCount "53"]
[EventDate "2001.??.??"]
[EventType "tourn (corr)"]
[EventRounds "4"]
[SourceTitle "Corr 2008"]
[Source "ChessBase"]
[SourceDate "2008.06.24"]
[SourceVersion "1"]
[SourceVersionDate "2008.06.24"]
[SourceQuality "1"]

1. c4 Nf6 2. d4 c5 3. d5 b5 4. cxb5 a6 5. bxa6 Bxa6 6. Nc3 g6 7. Nf3 Bg7 8. e4 Bxf1 9. Kxf1 d6 10. g3 0-0 11. Kg2 Nbd7 12. Re1 Qb6 13. e5 Ng4 14. exd6 exd6 15. a4 Nge5 16. Nb5 Nc4 17. Qe2 Na5 18. Bf4 Nb7 19. Nd2 Qd8 20. Nxd6 Nxd6 21. Bxd6 Re8 22. Qxe8+ Qxe8 23. Rxe8+ Rxe8 24. Nc4 Nf6 25. Bxc5 Nxd5 26. Rd1 Nf6 27. a5 1-0

[Event "IECC KO email"]
[Site "IECC email"]
[Date "2000.04.15"]
[Round "?"]
[White "Arnold, Lee"]
[Black "McGary, Fred"]
[Result "1-0"]
[WhiteElo "1812"]
[BlackElo "1611"]
[PlyCount "41"]
[EventDate "2000.??.??"]
[EventType "tourn (corr)"]
[EventRounds "6"]
[SourceTitle "Corr 2008"]
[Source "ChessBase"]
[SourceDate "2008.06.24"]
[SourceVersion "1"]
[SourceVersionDate "2008.06.24"]
[SourceQuality "1"]

1. e4 c5 2. g3 Nc6 3. Bg2 e6 4. Nc3 d6 5. Nf3 Nge7 6. 0-0 Ng6 7. d4 cxd4 8. Nxd4 Be7 9. Nce2 0-0 10. b3 Nxd4 11. Nxd4 e5 12. Nf5 b6 13. Ba3 d5 14. Nxe7+ Nxe7 15. exd5 Bd7 16. Bxe7 Qxe7 17. d6 Qf6 18. Bxa8 Rxa8 19. Qd5 Rc8 20. Qb7 Rd8 21. Rfd1 1-0

[Event "IECC CL4-1999.19"]
[Site "IECC email"]
[Date "1999.04.19"]
[Round "?"]
[White "McGary, Fred"]
[Black "Carlton, Jeff"]
[Result "0-1"]
[WhiteElo "1652"]
[BlackElo "1664"]
[PlyCount "50"]
[EventDate "1999.??.??"]
[EventType "tourn (corr)"]
[EventRounds "4"]
[SourceTitle "Corr 2008"]
[Source "ChessBase"]
[SourceDate "2008.06.24"]
[SourceVersion "1"]
[SourceVersionDate "2008.06.24"]
[SourceQuality "1"]

1. e4 c5 2. c3 Nf6 3. e5 Nd5 4. Nf3 Nc6 5. d4 cxd4 6. cxd4 d6 7. Bc4 Nb6 8. Bb5 a6 9. Bxc6+ bxc6 10. 0-0 Bg4 11. Nbd2 e6 12. Qc2 Qc7 13. h3 Bf5 14. Qc3 Nd5 15. Qc4 Nf4 16. Re1 d5 17. Qa4 Be7 18. Nb3 Nd3 19. Re3 0-0 20. Qa5 Qxa5 21. Nxa5 Rfc8 22. Ne1 Nxe1 23. Rxe1 Bb4 24. Nxc6 Rxc6 25. Re3 Rac8 0-1

[Event "IECC CL4-1999.15"]
[Site "IECC email"]
[Date "1999.03.06"]
[Round "?"]
[White "Lalonde, Michel"]
[Black "McGary, Fred"]
[Result "1-0"]
[WhiteElo "1658"]
[BlackElo "1668"]
[PlyCount "79"]
[EventDate "1999.??.??"]
[EventType "tourn (corr)"]
[EventRounds "4"]
[SourceTitle "Corr 2008"]
[Source "ChessBase"]
[SourceDate "2008.06.24"]
[SourceVersion "1"]
[SourceVersionDate "2008.06.24"]
[SourceQuality "1"]

1. e4 c5 2. c3 Nf6 3. e5 Nd5 4. d4 Nc6 5. dxc5 e6 6. c4 Nc7 7. Be3 Nxe5 8. Nd2 Na6 9. Ne4 Qc7 10. Qd4 Nc6 11. Nd6+ Bxd6 12. Qxd6 Ncb4 13. Qxc7 Nxc7 14. 0-0-0 Nxa2+ 15. Kb1 Nb4 16. Bf4 Nba6 17. Bd3 0-0 18. Bd6 Re8 19. b4 Nxb4 20. Bxc7 Nxd3 21. Rxd3 b6 22. cxb6 axb6 23. Bxb6 Bb7 24. f3 d5 25. c5 Ra6 26. Ne2 Rea8 27. Nc1 Bc6 28. Re1 Ra4 29. Nb3 g6 30. Bc7 R8a7 31. Be5 Bb5 32. Rc3 Bc6 33. Rc2 Rb7 34. Rb2 Rba7 35. Nd4 f6 36. Nxc6 Ra1+ 37. Kc2 Rxe1 38. Nxa7 Rxe5 39. c6 d4 40. Kd3 1-0